[Event "World Junior U20 Open 2018"]
[Site "Gebze"]
[Date "2018.09.11"]
[Round "7.1"]
[White "Maghsoodloo, Parham"]
[Black "Sindarov, Javokhir"]
[Result "1-0"]
[WhiteElo "2649"]
[BlackElo "2484"]
[Annotator "TA"]
[PlyCount "89"]
[EventDate "2018.09.05"]
[EventType "swiss"]
[EventCountry "TUR"]
[SourceTitle "playchess.com"]
[Source "ChessBase"]
[SourceQuality "1"]

{[%evp 20,89,10,10,16,20,13,10,2,18,18,19,15,25,102,97,68,68,77,60,73,0,48,29,75,56,79,79,77,77,150,143,141,139,168,168,166,166,184,163,168,124,135,112,104,59,66,56,50,53,84,8,9,8,102,103,114,122,156,140,233,241,1095,222,213,204,12847,12843,6170,6170,5622,5614]} 1. e4 e5 2. Nf3 Nc6 3. Bb5 {[%cal Bf1b5,Bb5a4,Ba4b3,Bb3c4][%mdl 32]} a6 4. Ba4 Nf6 5. O-O Be7 6. Re1 b5 {[%cal Bb7b5,Bb5b4][%mdl 32]} 7. Bb3 d6 8. c3 O-O 9. a4 b4 10. a5 Rb8 11. Bc4 {[#] LiveBook: 44 Partien} Nxe4 $1 {[%mdl 512] C90: Spanische Partie (Abweichungen von der Hauptvariante)} 12. Bd5 $1 {[%cal Rd5c6] [#]} (12. Rxe4 d5) 12... Nxf2 $1 {[%mdl 512]} 13. Kxf2 Nxa5 $1 {Die Stellung ist ausgeglichen.} 14. cxb4 c6 15. Ba2 Rxb4 {...e4 ist eine echte Drohung.} 16. d4 {[#]} Bg4 $146 (16... exd4 $11 17. Na3 c5) ({Vorgänger:} 16... exd4 17. Kg1 d5 18. Bd2 Be6 19. Bxb4 Bxb4 20. Nxd4 Bxe1 21. Qxe1 {½-½ (36) Dubov,D (2661)-Kovalev,V (2598) Moscow 2017}) 17. dxe5 $16 Qb6+ 18. Be3 Rxb2+ 19. Kg3 Bxf3 20. Kxf3 (20. Bxb6 $16 Bxd1 21. Bxa5) 20... Qb5 21. Bc1 $1 {Droht stark Sc3.} Rb4 22. Ba3 {Und Sc3 würde nun gewinnen.} Ra4 23. g3 {Schwarz muss nun Kg2 beachten.} Nc4 24. Bb3 ({Bitte nicht} 24. Bxd6 Bxd6 25. exd6 Qh5+ 26. Kf2 Rxa2+ 27. Rxa2 Qxh2+ 28. Kf3 Qxa2 $11) 24... Rxa3 (24... Nxe5+ $142 25. Kg2 Ra5) 25. Rxa3 ({Natürlich nicht} 25. Nxa3 $6 Qxb3+ 26. Qxb3 Nd2+ 27. Kg2 Nxb3 $14) 25... Nxa3 26. Nxa3 Qc5 {[#]} 27. exd6 $1 Bxd6 28. Nc4 Bc7 29. Kg2 g6 30. Qf3 Kg7 31. Rd1 {Droht Td7 und aus.} Rd8 32. Nb2 f5 33. Nd3 Qc3 34. Ba4 $36 {[%mdl 2048] Weiss hat gut koordiniertes Spiel.} Rd4 35. Bxc6 ({Günstiger ist} 35. Qxc6 $16 Qxc6+ 36. Bxc6) 35... Qc2+ $1 $11 36. Kh1 Rd6 (36... Bd8 $11) 37. Bb7 $16 Qb3 38. Rc1 Rxd3 39. Rxc7+ Kf6 (39... Kh6 $16 40. Qf4+ g5) 40. Qc6+ $18 Kg5 $2 (40... Qe6 41. Bxa6 Rd1+ 42. Kg2 Qxc6+ 43. Rxc6+ Ke5) 41. Qc1+ $2 (41. h4+ Kh6 42. Qc1+ Re3 43. g4 (43. Bxa6 Qd5+ 44. Kg1 Qe5 $11)) 41... Kf6 {[#]} 42. Kg2 $1 Rd1 $2 (42... Qb4 43. Qa1+ Qd4 44. Qxd4+ Rxd4 45. Bxa6 Rd2+ 46. Kg1 h6 47. Rc6+ Kg7 48. Rc7+ Kf6 49. Rc6+ Kg7) 43. Qh6 {Beabsichtigt Dg7+ und Matt.Weiß steht klar auf Gewinn.} Qb2+ 44. Kh3 {Droht Matt per Dh4+.} Qb4 45. Bf3 {Precision: Weiß = 62%, Schwarz = 29%.} 1-0

[Event "World Junior U20 Open 2018"]
[Site "Gebze"]
[Date "2018.09.11"]
[Round "7.2"]
[White "Firouzja, Alireza"]
[Black "Vavulin, Maksim"]
[Result "1-0"]
[WhiteElo "2582"]
[BlackElo "2559"]
[Annotator "TA"]
[PlyCount "131"]
[EventDate "2018.09.05"]
[EventType "swiss"]
[EventCountry "TUR"]
[SourceTitle "playchess.com"]
[Source "ChessBase"]
[SourceQuality "1"]

{[%evp 13,131,62,62,60,65,64,64,62,59,62,64,52,59,54,57,12,60,21,60,18,39,12,16,6,34,14,20,-22,-16,-19,0,0,48,44,78,79,70,37,95,60,101,95,95,74,99,95,95,95,96,97,150,126,146,150,246,166,230,122,109,112,113,131,152,153,170,167,202,152,152,152,152,162,162,152,152,148,189,191,228,228,265,247,263,198,246,255,254,250,242,249,275,260,496,480,486,481,483,447,469,518,508,508,568,566,560,550,551,514,725,755,665,638,812,821,1805,1843,1590,1545,1244,1206]} 1. e4 e5 2. Nf3 Nc6 3. Bc4 Nf6 4. d3 {[%cal Bd2d3,Bd3d4,Bd4d5][%mdl 32]} h6 5. O-O d6 6. c3 g6 7. d4 Qe7 {LiveBook: 192 Games. C55: Two Knights: 4 d3, 4 d4 exd4 5 e5 and Max Lange Attack} 8. d5 (8. Re1 Bg7 9. Nbd2 Nh7 10. Bb5 Bd7 11. Nb3 O-O 12. Bxc6 Bxc6 13. Na5 Qe8 14. dxe5 dxe5 15. a4 Rd8 16. Qb3 b6 17. Nxc6 Qxc6 {½-½ (47) Najer,E (2707)-Rapport,R (2675) Tbilisi 2017}) 8... Nb8 9. Bd3 Nbd7 $146 {White is slightly better.} ({Predecessor:} 9... Bg7 10. c4 Nfd7 11. Re1 a5 12. Be3 O-O 13. Qd2 Nc5 14. Bc2 Bg4 15. Bxc5 dxc5 {½-½ (27) Steiger,W (2446)-Biedermann,T (2433) ICCF email 2017}) 10. Bc2 Bg7 11. c4 O-O 12. Nc3 Nh7 13. Qe2 Nb6 14. b4 f5 15. Nd2 f4 16. c5 Nd7 17. Ba3 g5 {[%cal Bg6g5,Bg5g4][%mdl 32]} 18. f3 Rd8 19. Nc4 {White wants to play c6.} Ndf6 20. Kf2 {[%cal Bg1f2,Bf2e1,Be1d2,Bd2c1,Bc1b2][%mdl 32]} g4 21. Ke1 h5 22. Qf2 Ne8 23. Kd2 $36 {[%mdl 2048] White has some pressure.} Bh6 24. Kc1 g3 25. Qe2 Nf8 (25... gxh2 $14 26. Rh1 Qh4) 26. Kb2 Ng6 27. Rh1 h4 28. h3 Bf8 29. Na5 Nf6 30. Bb3 Kh7 31. Rac1 Nh8 (31... Qg7 $142) 32. Rc2 Nf7 33. Rhc1 Ne8 (33... a6 $16 {is a better defense.} 34. Ka1 Qe8) 34. Nb5 Qf6 {[#]} (34... dxc5 $142 35. bxc5 (35. Rxc5 Rd7 $14) 35... Qf6) 35. cxd6 (35. c6 $1 $18 {[%cal Rc6b7]} b6 36. Nb7) 35... Bxd6 $16 36. Kb1 ({Of course not} 36. Nxc7 $6 Nxc7 37. Rxc7 b6 $11) 36... Kh6 37. Nxd6 Nfxd6 38. Bb2 Bd7 39. Qd2 b6 40. Nc6 Bxc6 41. Rxc6 Rd7 42. Ba4 Re7 43. Bc3 Kh5 44. Qe2 Kg5 45. Qa6 Kh5 46. Bb2 Qg6 47. R6c2 Nf6 48. Qd3 ({Much less strong is} 48. Rxc7 $6 Nxd5 49. Rxe7 Nxe7 $18) 48... Rc8 49. Rc6 {[#] Hoping for Rxd6!} Nfe8 50. Ka1 Ra8 51. Qa6 Kg5 52. R6c2 b5 $2 (52... Rc8 {might work better.} 53. Bc6 (53. Qxa7 b5 $18) 53... Nf6 54. Qxa7 Qh7) 53. Bxb5 $18 {White is clearly winning.} Nxb5 54. Qxb5 Qb6 55. Qc5 Nd6 56. Qxb6 cxb6 57. Rc7 Rae8 58. Rxe7 Rxe7 {[%mdl 4096] Endgame KRB-KRN} 59. Rc6 Nf7 60. Kb1 Kh5 61. Re6 Rd7 62. Bxe5 Ng5 63. Rf6 Nxh3 64. gxh3 g2 65. Rf5+ Kg6 66. Bd4 {Precision: White = 64%, Black = 34%.} 1-0

[Event "World Junior U20 Open 2018"]
[Site "Gebze"]
[Date "2018.09.11"]
[Round "7.3"]
[White "Karthik Venkataraman"]
[Black "Tabatabaei, M amin"]
[Result "1-0"]
[WhiteElo "2519"]
[BlackElo "2576"]
[Annotator "TA"]
[PlyCount "57"]
[EventDate "2018.09.05"]
[EventType "swiss"]
[EventCountry "TUR"]
[SourceTitle "playchess.com"]
[Source "ChessBase"]
[SourceQuality "1"]

{[%evp 16,57,41,39,35,37,38,52,47,47,45,13,13,0,0,0,-5,4,4,-17,6,3,21,19,13,16,12,10,0,-2,15,8,87,77,114,119,160,160,369,219,654,638,1978,1948]} 1. e4 c6 2. d4 d5 3. e5 Bf5 4. Nf3 e6 5. Be2 Nd7 6. O-O h6 7. Nbd2 {[%cal Bb1d2,Bd2b3,Bb3a5][%mdl 32]} Ne7 {B12: Caro-Kann: Advance Variation} 8. c3 a6 (8... c5 9. dxc5 Nxc5 10. Nd4 Nd7 11. Nxf5 Nxf5 12. Bd3 Ne7 13. Nf3 Nc6 14. Re1 Qc7 15. Qe2 g5 {0-1 (50) Karjakin,S (2773)-Mamedyarov,S (2801) Saint Louis 2018}) 9. b4 {LiveBook: 5 Games} a5 {White is slightly better.} 10. Nb3 axb4 11. cxb4 Nc8 {[%cal Be7c8,Bc8b6,Bb6c4][%mdl 32]} 12. Bd2 Ncb6 $146 ({Predecessor:} 12... Be7 13. a4 O-O 14. Nc5 Bxc5 15. dxc5 Ne7 {1-0 (33) Milliet,S (2347)-Tratar,M (2460) Llucmajor 2017}) 13. Na5 Ra7 14. Rc1 Be7 15. Qb3 Qa8 16. a3 O-O 17. Be3 Nc4 18. Bxc4 dxc4 19. Nxc4 Be4 20. Nfd2 Bd5 {Hoping for ...b5.} 21. Qd1 b5 22. Na5 $1 Bd8 (22... c5 {seems wilder.} 23. dxc5 Nxe5 24. Bd4 Ng6 25. f3 Bd8) 23. Ndb3 Bxb3 (23... Nb6 $11 {keeps the balance.}) 24. Nxb3 $16 {Threatens to win with Rc3.} Rxa3 {[#]} 25. Rc3 $1 Qa4 26. Bc1 Ra2 $2 {[#]} (26... Qxb4 $16 {keeps fighting.} 27. Rg3 (27. Bxa3 Qxc3 28. Bxf8 Kxf8 $16) 27... Bh4) 27. Rg3 (27. Bxh6 $142 $1 {[%mdl 512]} gxh6 28. Rh3 Nxe5 29. dxe5 Qxb4 30. Rxh6 (30. Qb1 Ra4 $11)) 27... Kh7 $2 (27... Bg5 28. Bxg5 hxg5) 28. Qh5 $18 Qxb4 {[#]} 29. Rxg7+ $1 {[%mdl 512] Precision: White = 67%, Black = 42%.} 1-0

[Event "World Junior U20 Open 2018"]
[Site "Gebze"]
[Date "2018.09.11"]
[Round "7.4"]
[White "Van Foreest, Jorden"]
[Black "Lobanov, Sergei"]
[Result "1/2-1/2"]
[WhiteElo "2624"]
[BlackElo "2535"]
[Annotator "TA"]
[PlyCount "71"]
[EventDate "2018.09.05"]
[EventType "swiss"]
[EventCountry "TUR"]
[SourceTitle "playchess.com"]
[Source "ChessBase"]
[SourceQuality "1"]

{[%evp 16,71,34,33,34,39,32,-16,11,14,6,6,6,11,16,3,10,0,0,0,0,-2,0,0,0,-31,-39,-38,-14,-38,0,0,0,0,7,0,29,28,23,22,31,18,44,37,38,38,39,26,37,20,16,24,24,18,18,18,33,23]} 1. e4 c6 2. d4 d5 3. e5 Bf5 4. Nf3 e6 5. Be2 Nd7 6. O-O h6 7. Nbd2 Ne7 {B12: Caro-Kann: Advance Variation} 8. c3 g5 (8... c5 9. dxc5 Nxc5 10. Nd4 Nd7 11. Nxf5 Nxf5 12. Bd3 Ne7 13. Nf3 Nc6 14. Re1 Qc7 15. Qe2 g5 {0-1 (50) Karjakin,S (2773)-Mamedyarov,S (2801) Saint Louis 2018}) 9. Re1 {LiveBook: 9 Games} Bg6 10. Nf1 c5 11. dxc5 Bg7 $146 ({Predecessor:} 11... Nxc5 12. b4 Nd7 13. Bb2 Nc6 14. Ne3 Bg7 15. c4 dxc4 16. Nxc4 {0-1 (62) Roshchupkin,G-Sizov,A ICCF email 2009}) 12. Bb5 Nc6 13. Be3 Ndxe5 14. Nxe5 Bxe5 15. Bd4 Bxd4 16. cxd4 (16. Qxd4 {feels hotter.} O-O 17. Bxc6 bxc6 18. c4 Rb8 19. b3) 16... O-O 17. Ne3 h5 18. Qd2 Qa5 19. Qxa5 Nxa5 20. h4 gxh4 21. Kh2 Nc6 22. Rad1 f6 23. Kh3 Kf7 24. Kxh4 Rh8 25. Rd2 Rad8 26. b4 Ne7 27. f3 Rdg8 28. Kh3 Nf5 29. Nxf5 Bxf5+ 30. Kh4 Rg7 31. Re3 Rhg8 32. Ree2 Ke7 33. Ba4 Rg5 34. b5 b6 35. Bc2 Rc8 36. c6 {Precision: White = 76%, Black = 62%.} 1/2-1/2

[Event "World Junior U20 Open 2018"]
[Site "Gebze"]
[Date "2018.09.11"]
[Round "7.5"]
[White "Hakobyan, Aram"]
[Black "Donchenko, Alexander"]
[Result "1-0"]
[WhiteElo "2554"]
[BlackElo "2614"]
[Annotator "TA"]
[PlyCount "73"]
[EventDate "2018.09.05"]
[EventType "swiss"]
[EventCountry "TUR"]
[SourceTitle "playchess.com"]
[Source "ChessBase"]
[SourceQuality "1"]

{[%evp 9,73,11,14,17,14,10,23,22,40,38,50,44,38,35,37,45,41,31,36,29,45,46,65,78,146,156,150,150,181,170,152,126,110,122,114,116,116,116,105,82,85,79,183,109,141,152,297,289,272,260,256,259,262,262,500,493,649,579,6179,5406,29969,29969,29940,6319,29994,1608]} 1. e4 c5 2. Nf3 d6 3. Bb5+ Nd7 4. Ba4 (4. O-O a6 5. Bd3 Ngf6 6. Re1 g6 7. c3 Bg7 8. Bc2 O-O 9. d4 e5 10. a4 cxd4 11. cxd4 exd4 12. Nxd4 Nc5 {1-0 (33) Jakovenko,D (2748)-Nepomniachtchi,I (2768) Satka 2018}) 4... Ngf6 5. O-O g6 6. Re1 {B51: Sicilian: Moscow Variation (3 Bb5+) without 3...Bd7} Bg7 7. c3 O-O 8. d4 {White has an edge.} cxd4 9. cxd4 d5 $146 ({Predecessor:} 9... Qa5 10. Nc3 Qh5 11. Qd3 e5 {0-1 (70) Redondo Benavente,A (2102)-Obolentseva,A (2301) Riga 2018}) 10. e5 Ne4 11. Nbd2 Nb6 12. Bc2 Nxd2 13. Nxd2 f6 14. exf6 exf6 15. a4 {[%cal Ba2a4,Ba4a5,Ba5a6][%mdl 32]} Bd7 16. a5 Nc4 ({Black should try} 16... Nc8) 17. Nxc4 $16 dxc4 18. Be4 $1 Qc7 19. a6 Bc6 20. Bxc6 Qxc6 21. d5 {[%cal Bd4d5,Bd5d6][%mdl 32]} Qb5 {[#]} 22. axb7 $1 Qxb7 23. d6 $36 {[%mdl 2048] White is on the roll.} Rad8 24. Bf4 g5 25. Bg3 Rf7 (25... f5 $16) 26. Qa4 (26. Qg4 $18) 26... Bf8 {[#]} 27. Rad1 $1 ({Resist} 27. Qxc4 $6 Bxd6 28. Bxd6 Rxd6 $14) 27... Qb6 (27... h5 $16) 28. Re8 $18 ({Weaker is} 28. Qxc4 Bxd6 29. Qd5 Be7 $14) 28... Rxe8 29. Qxe8 {d7 is the strong threat.} Qb3 30. Qe2 Qa4 31. Qg4 Rd7 $2 (31... Qd7 {was necessary.} 32. Qxc4 Be7) 32. h4 h6 33. Rd4 Kf7 34. Rxc4 Qb5 35. Rc7 f5 36. Qh5+ Ke6 37. Qg6+ {Precision: White = 87%, Black = 35%.} 1-0

[Event "World Junior U20 Open 2018"]
[Site "Gebze"]
[Date "2018.09.11"]
[Round "7.6"]
[White "Karthikeyan, Murali"]
[Black "Puranik, Abhimanyu"]
[Result "1/2-1/2"]
[WhiteElo "2605"]
[BlackElo "2524"]
[Annotator "TA"]
[PlyCount "120"]
[EventDate "2018.09.05"]
[EventType "swiss"]
[EventCountry "TUR"]
[SourceTitle "playchess.com"]
[Source "ChessBase"]
[SourceQuality "1"]

{[%evp 22,120,52,20,38,41,67,71,87,88,80,87,104,95,114,114,136,110,128,139,139,143,176,195,187,193,168,89,110,54,228,213,326,317,318,290,333,318,362,183,199,133,127,119,134,129,114,102,139,136,152,106,96,75,112,110,101,104,97,94,93,18,21,21,18,12,12,0,0,0,0,0,0,0,0,0,0,0,0,0,0,0,0,0,0,0,0,0,0,0,0,0,0,0,0,0,0,-8,-8,-137,8]} 1. e4 e5 2. Nf3 Nc6 3. Bb5 a6 4. Ba4 Nf6 5. d3 d6 6. c3 g6 7. O-O Bg7 8. Re1 O-O 9. Nbd2 Bd7 10. Nf1 Qe8 {C77: Ruy Lopez: 3...a6 4 Ba4 Nf6, unusual lines} (10... h6 11. Ng3 Re8 12. h3 b5 13. Bc2 d5 14. Be3 Be6 15. Qd2 Kh7 16. d4 exd4 17. Nxd4 Nxd4 18. Bxd4 Nxe4 19. Nxe4 Bxd4 20. Qxd4 dxe4 21. Qxe4 {½-½ (37) Vavulin,M (2575)-Korotylev,A (2573) Moscow 2017}) 11. Bb3 Nh5 12. h3 {LiveBook: 5 Games} Na5 {The position is equal.} 13. Bc2 f5 14. d4 Nc6 15. dxe5 $146 ({Predecessor:} 15. exf5 gxf5 16. Nh4 Ne7 17. Bg5 Nc6 18. d5 {0-1 (52) Montilla Carrillo,E (2350)-Castaner Harster,X (2205) Sant Boi 1998}) 15... dxe5 16. Ne3 f4 17. Nd5 Rc8 18. b4 g5 19. a4 {[%cal Ba2a4,Ba4b5][%mdl 32] And now b5 would win.} g4 20. hxg4 Bxg4 21. b5 {aiming for Ba3.} axb5 22. axb5 Nd8 23. Ba3 Rf7 24. Qd3 (24. Bb3 $18 {Black must now prevent Ne7+.} Kh8 25. b6) 24... Rd7 $16 25. Bd1 (25. Nh2 $16 Be6 26. Qe2) 25... Nf6 $2 (25... Nf7 $1 $14) 26. Qc4 $1 $18 Be6 (26... Nxd5 {was called for.} 27. Nxe5 (27. exd5 Nf7 $16) 27... Be6 28. exd5 Rxd5) 27. Nxe5 Nxd5 28. exd5 Rxd5 29. Qxf4 Ra8 30. Ng4 (30. Qg3 $142) 30... Qg6 31. Bb3 (31. Be2 $1 $18) 31... Rxb5 $16 32. Bc4 Rba5 33. Rad1 Bxc4 ({Not} 33... Rxa3 $2 34. Rxd8+ $1 {[%mdl 512]} Rxd8 35. Rxe6 $18) 34. Qxc4+ Nf7 35. Re6 Qh5 36. Rde1 {White threatens Re8+ and mate.} h6 37. Rxh6 Qb5 38. Nf6+ $1 Bxf6 39. Qg4+ Bg7 40. Rg6 Ng5 {[#] Strongly threatening ...Qf5.} 41. Be7 (41. c4 $1 $16 {[%cal Rc4b5]} Qf5 42. Qxf5 Rxf5 43. Bb2 Nf3+ 44. gxf3) 41... Qf5 $1 $11 {[%cal Rf5g4]} ({Much worse is} 41... Ra1 $6 42. Rxg5 Rxe1+ 43. Kh2 $16) 42. Rxg5 Qxg4 43. Rxg4 Ra1 $1 {[%cal Ra1e1]} 44. Rxa1 Rxa1+ {[%mdl 4096] Endgame KRB-KRB} 45. Kh2 {Hoping for Bf6.} Kf7 46. Bd8 Be5+ 47. f4 Ra4 48. Kh3 Rxf4 49. Rxf4+ Bxf4 {KB-KB} 50. Kg4 Be5 51. c4 Ke6 52. Kf3 Kd7 53. Bh4 b6 54. Ke4 Ke6 55. Bf2 Bf6 56. g4 Bd8 57. Be3 c6 58. g5 b5 59. c5 Be7 60. g6 {[#]} (60. Kf4 $11) 60... Bxc5 {Precision: White = 58%, Black = 56%.} ({Better is} 60... Bf6 $1 $17 61. Bh6 Bb2) 1/2-1/2

[Event "World Junior U20 Open 2018"]
[Site "Gebze"]
[Date "2018.09.11"]
[Round "7.7"]
[White "Esipenko, Andrey"]
[Black "Thybo, Jesper Sondergaard"]
[Result "1/2-1/2"]
[WhiteElo "2593"]
[BlackElo "2499"]
[Annotator "TA"]
[PlyCount "117"]
[EventDate "2018.09.05"]
[EventType "swiss"]
[EventCountry "TUR"]
[SourceTitle "playchess.com"]
[Source "ChessBase"]
[SourceQuality "1"]

{[%evp 12,117,13,0,0,0,0,0,10,0,0,-3,0,0,0,0,0,0,0,0,0,-22,18,21,21,15,14,-14,0,0,0,0,0,0,0,0,0,0,0,-21,35,0,0,-23,-24,-38,-42,-54,-52,-76,-66,-86,-57,-96,-48,-77,-23,-27,0,-77,0,-42,-26,-41,-59,-42,-53,-54,0,0,0,0,0,0,0,-76,-71,-163,-56,-280,-266,-333,-256,-411,-411,-491,-246,-277,-280,-971,-959,-896,-540,-469,-120,-120,-74,-82,-69,-95,0,-82,-92,-139,0,0,0,-91]} 1. d4 Nf6 2. Nf3 e6 3. c4 d5 4. Nc3 Bb4 5. Bg5 h6 6. Bh4 dxc4 7. Qa4+ Nc6 {D38: Queen's Gambit Declined: Ragozin Defence (4 Nf3 Bb4)} 8. e3 Bd7 {Hoping for ...Nxd4!} 9. Qc2 b5 10. Be2 (10. a3 Bxc3+ 11. bxc3 Ne7 12. Ne5 Nf5 13. Bxf6 gxf6 14. Nxd7 Qxd7 15. a4 {½-½ (48) Eljanov,P (2729)-Khismatullin,D (2656) St Petersburg 2013}) 10... a6 11. O-O Be7 12. Bxf6 $146 ({Predecessor:} 12. Rad1 O-O 13. Rd2 Nd5 14. Bg3 f5 15. h3 {1-0 (36) Bakalarz,M (2275)-Weglarz,L (2295) Porabka 1986}) 12... Bxf6 13. Ne4 O-O 14. b3 cxb3 15. axb3 Be7 16. Rfc1 Qb8 17. Nc5 Bxc5 18. Qxc5 Qb6 19. Qh5 Ne7 20. Ne5 {[%cal Bf3e5,Be5d3,Bd3c5][%mdl 32]} Be8 21. Qh4 f6 22. Nd3 Bf7 23. Nc5 Rfd8 24. Bf3 Ra7 25. Be4 Bg6 ({Black should play} 25... a5 $11) 26. Bf3 {[%mdl 1024] White has compensation.} a5 27. Qg3 Bf7 28. Be4 Nd5 29. Qf3 Qd6 30. Bd3 c6 31. Ne4 Qd7 32. Qg3 Kf8 33. h4 Ne7 (33... Nb4 $17 34. Rd1 Nxd3 35. Rxd3 e5 $1 {[%mdl 512]}) 34. Be2 $11 Nd5 35. Rc5 (35. Bd3 $11) 35... Ne7 (35... Nb4 $17) 36. Qf3 Bg6 37. Nxf6 gxf6 38. Qxf6+ Kg8 39. Bg4 Bf5 (39... Qe8 $1 $15) 40. Qxh6 {Black must now prevent e4!} Qe8 $1 41. Bf3 Qf8 42. Qf4 Nd5 43. Qe5 (43. Bxd5 $11 {remains equal.} cxd5 44. Rxb5) 43... Nb4 $1 $17 {[%cal Rb4d3] And now ...Nd3 would win.} 44. Rc3 (44. Be4 $17) 44... Qd6 (44... Nd3 $1 $19 {[%cal Rd3e5]} 45. Rxd3 Bxd3 46. Qxe6+ Kh7 47. Qxc6 Rc8) 45. Qf6 $2 (45. Qxd6 $15 Rxd6 46. g4) 45... Rf8 $19 46. Qh6 Rh7 47. Qg5+ $2 (47. Qf4 Qxf4 48. exf4) 47... Rg7 48. Qh5 {[#]} Bg6 (48... a4 $142 $1 49. bxa4 Nd5) 49. Qc5 Qd8 50. Qe5 $2 {[#]} (50. e4) 50... Rxf3 $1 {[%mdl 512]} 51. gxf3 Bd3+ 52. Kh1 Qxh4+ $2 (52... Be2 $19 53. e4 (53. Qxe6+ $2 Kh8 $19) 53... Nc2 $1 {[%mdl 512]}) 53. Qh2 $17 Qf6 54. Qb8+ Kh7 55. Qh2+ Kg8 56. Qb8+ Kf7 57. Qc7+ {[#]} Kg8 ({Black should try} 57... Qe7 $1 $17 {[%cal Re7c7]} 58. Qxe7+ Kxe7) 58. Qb8+ $11 Kh7 (58... Qf8 $11 59. Qxf8+ Kxf8) 59. Qh2+ {Precision: White = 35%, Black = 53%.} 1/2-1/2

[Event "World Junior U20 Open 2018"]
[Site "Gebze"]
[Date "2018.09.11"]
[Round "7.8"]
[White "Kollars, Dmitrij"]
[Black "Petrosyan, Manuel"]
[Result "1/2-1/2"]
[WhiteElo "2536"]
[BlackElo "2581"]
[Annotator "TA"]
[PlyCount "91"]
[EventDate "2018.09.05"]
[EventType "swiss"]
[EventCountry "TUR"]
[SourceTitle "playchess.com"]
[Source "ChessBase"]
[SourceQuality "1"]

{[%evp 17,91,18,18,4,18,10,12,0,33,37,30,-8,-14,-12,-2,-8,0,0,0,0,15,-19,-18,-12,-17,-19,-18,-12,19,0,0,-4,-3,-7,0,-12,0,0,0,0,0,0,19,2,60,10,30,0,5,5,5,5,5,5,5,5,13,10,24,24,24,22,22,-10,-21,-47,-57,-50,-57,-53,-49,-57,6,6,6,6]} 1. e4 c6 2. Nf3 d5 3. Nc3 Bg4 4. h3 Bxf3 5. Qxf3 e6 6. Be2 Nf6 {B11: Caro-Kann: Two Knights Variation} 7. O-O Bc5 (7... Qb6 8. d3 Nbd7 9. Qf4 d4 10. Nb1 Qc5 11. Bd1 Bd6 12. Qg5 Qxg5 13. Bxg5 h6 14. Bc1 {1-0 (72) Fedoseev,V (2718)-Kasimdzhanov,R (2683) Riadh 2017}) 8. d3 Nbd7 {[%cal Bb8d7,Bd7f8,Bf8g6,Bg6f4][%mdl 32]} 9. Qg3 O-O {LiveBook: 6 Games} 10. Bf4 Kh8 11. Bf3 Re8 $146 ({Predecessor:} 11... Rc8 12. Rfe1 Bb6 13. Rad1 Bc7 14. e5 {0-1 (48) Rade,M (2432)-Bender,I (2231) Mali Losinj 2017}) 12. Rad1 Nf8 13. d4 Be7 14. Bg5 (14. e5 {keeps more tension.} N6d7 15. Ne2 Ng6 16. Bc1 Nh4 17. Bg4) 14... dxe4 15. Bxf6 gxf6 16. Nxe4 Rc8 17. Qf4 Ng6 18. Qe3 b6 19. c4 f5 20. Nc3 Bg5 21. Qe2 Nf4 22. Qc2 Qf6 (22... Bf6 {is more complex.} 23. Qd2 Qd6 24. Kh1 Ng6 25. Ne2 Red8) 23. Ne2 Nxe2+ 24. Qxe2 Red8 25. c5 b5 26. Qd3 Qe7 27. b4 a6 28. Qa3 Qb7 29. Rd3 Bf6 30. Rfd1 Rd7 (30... Ra8 $11) 31. Qc1 Qc7 32. a4 Rcd8 33. axb5 axb5 34. Qh6 Bg7 35. Qe3 Bf6 36. g4 Rg8 37. Kh1 fxg4 38. hxg4 Rg6 39. Kg2 Kg7 40. Qe4 h5 {Hoping for ...hxg4.} 41. Qxc6 Rxg4+ 42. Kf1 {[#] aiming for Qxc7.} Qxc6 43. Bxc6 Rdxd4 44. Rxd4 Rxd4 ({Black should play} 44... Bxd4 $15 45. Rd3 h4) 45. Rxd4 $11 Bxd4 46. Bxb5 {Precision: White = 62%, Black = 54%.} 1/2-1/2

[Event "World Junior U20 Open 2018"]
[Site "Gebze"]
[Date "2018.09.11"]
[Round "7.9"]
[White "Liang, Awonder"]
[Black "Santos Ruiz, Miguel"]
[Result "1-0"]
[WhiteElo "2575"]
[BlackElo "2524"]
[Annotator "TA"]
[PlyCount "53"]
[EventDate "2018.09.05"]
[EventType "swiss"]
[EventCountry "TUR"]
[SourceTitle "playchess.com"]
[Source "ChessBase"]
[SourceQuality "1"]

{[%evp 18,53,-4,0,27,29,16,10,16,20,108,110,87,90,108,88,122,95,194,115,244,248,360,400,365,403,387,383,403,402,376,199,415,454,450,402,1187,1173]} 1. e4 c5 2. Nc3 d6 3. d4 cxd4 4. Qxd4 Nc6 5. Qd2 g6 6. b3 {B23: Closed Sicilian: Lines without g3} Bh6 7. f4 Nf6 8. Bb2 O-O 9. O-O-O a5 10. a4 {LiveBook: 4 Games} Nb4 11. Kb1 Be6 $146 12. Nf3 Rc8 13. Ng5 Qb6 (13... Bg4 $11) 14. Nxe6 $16 fxe6 15. g3 $1 Rc5 16. Bh3 Kf7 17. Rhe1 Rfc8 {[#]} (17... e5 $16 {is a better defense.}) 18. e5 (18. Qf2 $1 $18 {Black must now prevent e5.} Nd7 19. e5) 18... dxe5 {[#]} (18... Rxe5 $16 19. Qg2 Rxe1 20. Rxe1 Rc7 21. Bxe6+ Kf8) 19. Qf2 $1 $18 exf4 (19... R5c6 $142 20. Qxb6 Rxb6) 20. Bxe6+ Qxe6 21. Rxe6 Kxe6 22. Nb5 Nxc2 23. gxf4 Bg7 24. Rd8 (24. Qg2 $142) 24... Kf7 $2 (24... R8c6 {might work better.} 25. Na7 Rc7) 25. Rxc8 Rxc8 26. Qb6 Nb4 {[#]} (26... Rc6 $142 27. Qxa5 (27. Qxb7 Nb4 $16) 27... Ne3) 27. Nd6+ $1 {[%mdl 512] Precision: White = 81%, Black = 22%.} 1-0